[Event "Bhopal GM Open 2019"]
[Site "Bhopal"]
[Date "2019.12.27"]
[Round "9.19"]
[White "Trivedi Karan R"]
[Black "Lund Rachit"]
[Result "1-0"]
[WhiteElo "1949"]
[BlackElo "1625"]
[Annotator "NA RC"]
[PlyCount "105"]
[EventDate "2019.12.21"]
[EventType "swiss"]
[EventCountry "IND"]
[SourceTitle "playchess.com"]
[Source "ChessBase"]
[SourceQuality "1"]
[TimeControl "5400+30"]

1. d4 {[%emt 0:00:00]} Nf6 {[%emt 0:00:08]} 2. Nc3 {[%emt 0:00:19]} d5 {[%emt 0:00:32]} 3. Bf4 {[%emt 0:00:09]} Bf5 {[%emt 0:05:48]} 4. e3 {[%emt 0:01:35]} e6 {[%emt 0:01:07]} 5. Nf3 {[%emt 0:07:05]} Be7 {[%emt 0:22:02]} 6. Ne5 {[%emt 0:01:27]} Nfd7 {[%emt 0:05:10]} 7. g4 {[%emt 0:09:09]} Bg6 {[%emt 0:01:22]} 8. Nxg6 {[%emt 0:04:04]} hxg6 {[%emt 0:00:18]} 9. Nb5 {[%emt 0:00:56]} Bb4+ {[%emt 0:09:30]} 10. c3 {[%emt 0:06:33]} Ba5 {[%emt 0:00:29]} 11. Qa4 {[%emt 0:04:56]} Nc6 {[%emt 0:03:16]} 12. b4 {[%emt 0:02:19]} Bb6 13. c4 dxc4 {[%emt 0:06:13]} 14. Bg2 {[%emt 0:02:47]} O-O {[%emt 0:02:24]} 15. Nc3 {[%emt 0:03:18]} Nxd4 {[%emt 0:13:40]} 16. exd4 {[%emt 0:03:06]} Bxd4 {[%emt 0:00:04]} 17. Bd2 {[%emt 0:00:47]} Qf6 {[%emt 0:04:18]} 18. O-O {[%emt 0:01:20]} c6 {[%emt 0:04:19]} 19. Rad1 {[%emt 0:02:33]} Ne5 {[%emt 0:05:18]} 20. Ne4 {[%emt 0:00:35]} Qh4 {[%emt 0:00:36]} 21. Bg5 {[%emt 0:00:28]} Qxg4 {[%emt 0:00:14]} 22. Kh1 {[%emt 0:06:55]} Nd3 {[%emt 0:03:04]} 23. Qc2 {[%emt 0:02:44]} b5 {[%emt 0:01:32]} 24. Rxd3 {[%emt 0:03:38]} cxd3 {[%emt 0:00:17]} 25. Qxd3 {[%emt 0:00:05]} Bb6 {[%emt 0:03:01]} 26. Be7 {[%emt 0:02:45]} Rfe8 {[%emt 0:01:01]} 27. Bf6 {[%emt 0:00:14]} Qf5 {[%emt 0:00:48]} 28. Bb2 {[%emt 0:01:38]} Rad8 {[%emt 0:01:31]} 29. Qg3 {[%emt 0:00:16]} e5 {[%emt 0:02:19]} 30. Ng5 {[%emt 0:01:13]} e4 {[%emt 0:02:15]} 31. Qh4 {[%emt 0:00:38]} Bd4 {[%emt 0:00:30]} 32. Bc1 {[%emt 0:04:17]} Bf6 {[%emt 0:00:54]} 33. Re1 {[%emt 0:01:36]} Bxg5 {[%emt 0:00:51]} 34. Bxg5 {[%emt 0:00:10]} f6 {[%emt 0:00:40]} 35. Be3 {[%emt 0:00:19]} Qd7 {[%emt 0:00:49]} 36. Bxe4 {[%emt 0:00:54]} f5 {[%emt 0:01:03]} 37. Bf3 {[%emt 0:01:11]} Qd6 38. Rc1 {[%emt 0:01:28]} Qd3 {[%emt 0:01:05]} 39. Rd1 {[%emt 0:01:59]} Qc4 {[%emt 0:00:18]} 40. Qxc4+ {[%emt 0:00:44]} bxc4 {[%emt 0:00:13]} 41. Rc1 {[%emt 0:00:09]} f4 {[%emt 0:00:52]} 42. Bxa7 {[%emt 0:00:29]} Rd3 {[%emt 0:00:37]} 43. Bxc6 {[%emt 0:00:17]} Red8 {[%emt 0:00:15]} 44. Bb5 {[%emt 0:00:47]} Rd1+ {[%emt 0:00:18]} 45. Rxd1 {[%emt 0:00:06]} Rxd1+ {[%emt 0:00:01]} 46. Kg2 {[%emt 0:00:16]} c3 {[%emt 0:00:38]} 47. Ba4 {[%emt 0:00:12]} Rd2 {[%emt 0:00:39]} 48. Bb3+ {[%emt 0:01:23]} Kh7 {[%emt 0:00:13]} 49. b5 {[%emt 0:01:56]} Rxa2 {[%emt 0:01:25]} 50. b6 {[%emt 0:09:11]} Rb2 {[%emt 0:00:20]} 51. Ba4 {[%emt 0:00:17]} g5 {[%emt 0:00:40]} 52. Kf3 {[%emt 0:03:13]} Kg6 {[%emt 0:00:30]} 53. Kg4 {[%emt 0:01:35]} 1-0

[Event "Bhopal GM Open 2019"]
[Site "Bhopal"]
[Date "2019.12.28"]
[Round "10.1"]
[White "Venkatesh, M.R."]
[Black "Yakubboev, Nodirbek"]
[Result "1/2-1/2"]
[WhiteElo "2491"]
[BlackElo "2592"]
[Annotator "TA"]
[PlyCount "154"]
[EventDate "2019.12.21"]
[EventType "swiss"]
[EventCountry "IND"]
[SourceTitle "playchess.com"]
[Source "ChessBase"]
[SourceQuality "1"]

{[%evp 13,154,4,30,0,14,4,4,2,15,15,10,0,0,0,19,-13,0,0,-1,-6,-6,-12,-6,-9,-12,-8,-7,-12,-10,-8,-12,-11,-12,-12,-10,-12,-4,-11,-5,-85,-86,-87,-87,-86,-86,-86,-70,-70,-70,-70,-70,-74,-59,-59,-59,-59,-59,-59,-59,-59,-59,-69,-65,-65,-65,-66,-65,-66,-66,-69,-67,-91,-91,-93,-93,-91,-90,-91,-85,-232,-173,-173,-156,-246,-254,-337,-333,-515,-152,-152,-142,-151,-152,-152,-152,-152,-152,-152,-68,-152,-152,-152,-152,-152,-68,-68,-35,-35,-35,-35,-35,-35,-35,-36,-35,-52,-43,-62,-35,-68,-68,-68,-68,-68,-36,-36,-36,-36,-36,-36,-36,-36,-36,-36,-36,-36,-36,-36,0,-36,0,-36,0]} 1. e4 c5 2. Nf3 d6 3. Bb5+ Bd7 4. Bxd7+ Qxd7 5. O-O Nf6 6. e5 dxe5 7. Nxe5 Qd6 8. Re1 {B52: Sicilian: Moscow Variation with 3...Bd7} (8. f4 {with more complications.} Nc6 9. Qf3 Rc8 10. Qb3 Nxe5 11. fxe5 Qxe5 12. Qxb7 Qd4+ 13. Kh1) 8... Nc6 9. Nxc6 Qxc6 10. b3 {The position is equal.} (10. Na3 e6 11. Nc4 Be7 12. Ne5 Qc7 13. b3 O-O 14. Bb2 Rad8 15. d3 Nd5 16. c4 Nf4 17. Qf3 Ng6 18. g3 Nxe5 19. Bxe5 Qd7 20. Rad1 f6 21. Bc3 e5 {½-½ (21) Kryvoruchko,Y (2679)-Areshchenko,A (2720) Reykjavik 2013}) 10... e6 11. Bb2 Be7 12. Nc3 O-O 13. Qe2 Rfd8 {[#]} 14. Rad1 $146 ({Predecessor:} 14. d3 b5 15. a4 b4 {1-0 (75) Litwak,A (2506)-Wetscherek,A (2224) playchess.com INT 2004}) 14... Rac8 15. d3 b5 16. a4 a6 17. h3 (17. axb5 {is interesting.} axb5 18. Ne4 Nxe4 19. Qxe4 Qxe4 20. dxe4 Rxd1 21. Rxd1 c4 22. Kf1) 17... c4 (17... h6 {feels hotter.} 18. axb5 axb5 19. Ne4 Nxe4 20. dxe4 Rxd1 21. Rxd1 c4) 18. axb5 axb5 19. dxc4 Rxd1 20. Nxd1 bxc4 21. bxc4 Qxc4 22. Qxc4 Rxc4 23. Ne3 Rc8 24. Rd1 h5 25. Kf1 Ne4 26. Rd7 (26. Rd4 $11 f5 27. Rd7) 26... Bg5 $17 27. Bd4 Bxe3 28. Bxe3 Rxc2 {[%mdl 4096] Endgame KRB-KRN} 29. g4 hxg4 30. hxg4 Nf6 31. Rd4 Nd5 32. Bd2 f6 33. g5 Kf7 34. gxf6 gxf6 35. Kg2 Kg6 36. Kg3 Kf5 37. f3 Ke5 38. Re4+ Kd6 $1 39. Bh6 Ra2 40. Bf8+ Kd7 41. Bh6 Ne7 {And now ...Nf5+ would win.} 42. Bf4 Nf5+ 43. Kh3 Rf2 44. Kg4 Ke7 45. Re1 Kf7 46. Bc1 (46. Re4 $17) 46... Rh2 {[%csl Gf5][%cal Rh2h4]} 47. f4 Rc2 48. Kf3 (48. Rf1 $17 {keeps fighting.}) 48... Kg6 $1 $19 49. Ke4 Rc3 $1 {( -> ...Nd6+)} 50. Bd2 (50. Bb2 {is the only way for White.} Nd6+ 51. Kd4 Nb5+ 52. Ke4) 50... Rb3 $2 (50... Nd6+ $19 {is more deadly.} 51. Kd4 Nb5+ 52. Ke4 f5+ 53. Ke5 Rd3 54. Kxe6 Nd4+ 55. Ke7 Rxd2 56. Rg1+ Kh5 57. Rg5+ Kh4) 51. Ra1 $17 Ng3+ 52. Kd4 Rf3 53. Ra5 Ne2+ 54. Ke4 Rb3 $1 55. Ra6 {[#]} Ng3+ $1 56. Kd4 {[#]} Kf5 $1 57. Ra5+ Kg4 58. Ra6 Nf1 ({Better is} 58... Rb7 $17 {aiming for ...Rd7+.} 59. Ke3 Rb3+ 60. Kd4 Rb7) 59. Bc1 $15 Rb4+ 60. Kd3 $1 Kf5 61. Ra5+ $1 e5 62. fxe5 fxe5 63. Bh6 Rd4+ 64. Kc2 Rd7 65. Bc1 Ke4 66. Bb2 Ne3+ 67. Kb1 $1 Nc4 68. Ra4 Kd3 {[#] Hoping for ...Rb7!} 69. Rxc4 $1 {[%mdl 576] Remove Defender} Kxc4 70. Bxe5 {KR-KB} Rd5 71. Bf6 Rf5 72. Bg7 Rf7 73. Be5 Re7 74. Bf6 Re6 75. Bg7 Re7 76. Bf6 Re6 77. Bg7 Re7 {Accuracy: White = 52%, Black = 62%.} 1/2-1/2

[Event "Bhopal GM Open 2019"]
[Site "Bhopal"]
[Date "2019.12.28"]
[Round "10.2"]
[White "Nguyen, Van Huy"]
[Black "Czebe, Attila"]
[Result "1/2-1/2"]
[WhiteElo "2457"]
[BlackElo "2374"]
[Annotator "TA"]
[PlyCount "100"]
[EventDate "2019.12.21"]
[EventType "swiss"]
[EventCountry "IND"]
[SourceTitle "playchess.com"]
[Source "ChessBase"]
[SourceQuality "1"]

{[%evp 24,100,20,20,18,18,19,0,1,0,0,-38,-34,-34,-29,-50,0,-19,-21,-15,0,0,35,35,33,34,54,31,23,-23,84,99,98,97,197,141,148,56,56,56,56,52,50,53,53,52,56,58,71,68,66,66,66,45,36,10,10,0,0,0,0,0,0,0,0,0,0,0,0,0,0,0,0,0,0,0,0,0,0]} 1. d4 Nf6 2. c4 g6 3. Nc3 Bg7 4. e4 O-O 5. Nf3 d6 6. Be2 e5 7. Be3 exd4 8. Nxd4 Re8 9. f3 c6 10. Bf2 d5 11. exd5 cxd5 12. O-O Nc6 13. c5 a6 {E92: King's Indian: Classical: 6 Be2 e5: 7 dxe5, 7 Be3 and Petrosian System without 7...Nbd7} (13... Nh5 14. Qd2 Be5 15. g3 Ng7 16. Rfe1 Bf5 17. Rad1 Bxd4 18. Bxd4 Ne6 19. Bf2 d4 20. Nb5 Nxc5 21. Nxd4 Nxd4 22. Qxd4 Qxd4 23. Bxd4 Nd3 24. Bxd3 Rxe1+ 25. Rxe1 Bxd3 {½-½ (38) Inarkiev,E (2693)-Grischuk,A (2771) St Petersburg 2018}) 14. Qd2 Qa5 15. Nb3 Qb4 16. Rad1 Be6 $146 ({Predecessor:} 16... Bf5 17. Nd4 Nxd4 18. Bxd4 Nd7 19. Bxg7 Kxg7 20. Qxd5 Rad8 21. Qd4+ Qxd4+ 22. Rxd4 Nxc5 23. Rfd1 Rxd4 24. Rxd4 Rc8 25. Kf2 Be6 26. f4 b5 27. g3 f5 {½-½ (27) Romanov,S-Kruchem,P (2330) ICCF corr 1996}) 17. Qc2 Rad8 18. a3 Qf4 19. g3 Qc7 20. Rfe1 Bf5 21. Qc1 $1 h5 22. Nd4 $36 {[%mdl 2048] White has the initiative.} Nxd4 23. Bxd4 Qc6 24. b4 Nh7 25. Bxg7 Kxg7 26. Qf4 Qf6 (26... d4 $11 27. Ne4 (27. Rxd4 $2 Ng5 $19) 27... Bxe4 28. fxe4 Qxe4) 27. Nxd5 $16 Qb2 28. Kf2 Qxa3 (28... Nf6 $16 29. Nxf6 Qxf6) 29. Qd4+ ({Better is} 29. Rd2 $18) 29... f6 30. Qc3 ({White should play} 30. Bc4 $16 Be6 31. Rd3) 30... Qxc3 $14 31. Nxc3 Ng5 32. Rxd8 Rxd8 33. Rd1 Rxd1 34. Bxd1 {[%mdl 4096] Endgame KBN-KBN} Bd7 35. h4 Ne6 36. Ke3 Nd8 37. f4 Nc6 38. Ba4 (38. Nd5 {looks sharper.} Kf7 39. Bf3 Bf5 40. Bg2 Bd7 41. Be4) 38... Kf7 39. Bxc6 Bxc6 {KB-KN. The position is equal.} 40. Kd4 Ke6 41. Nd1 Bh1 42. Ne3 Bc6 43. Kc3 Bh1 44. Kb3 Bc6 45. Ka3 Bb5 46. Kb2 Bc6 47. Kc3 Bh1 48. Kd4 Bc6 49. Nc4 Kf5 {[#] Threatens to win with ...Kg4.} 50. Ne3+ Ke6 {Accuracy: White = 49%, Black = 70%.} 1/2-1/2

[Event "Bhopal GM Open 2019"]
[Site "Bhopal"]
[Date "2019.12.28"]
[Round "10.3"]
[White "Manik, Mikulas"]
[Black "Tukhaev, Adam"]
[Result "0-1"]
[WhiteElo "2379"]
[BlackElo "2552"]
[Annotator "TA"]
[PlyCount "56"]
[EventDate "2019.12.21"]
[EventType "swiss"]
[EventCountry "IND"]
[SourceTitle "playchess.com"]
[Source "ChessBase"]
[SourceQuality "1"]

{[%evp 13,57,25,41,37,44,37,36,40,39,30,30,-21,0,0,0,-74,-108,-114,-112,-99,-90,-281,-264,-275,-270,-269,-264,-446,-445,-439,-406,-462,-448,-452,-444,-481,-440,-874,-791,-938,-875,-1060,-1050,-1275,-1061,-1045]} 1. e4 c5 2. Nf3 Nc6 3. Bb5 g6 4. O-O Bg7 5. Re1 e5 6. Bxc6 dxc6 7. d3 Ne7 8. a3 {B31: Sicilian: 2...Nc6 3 Bb5 g6} a5 9. Be3 b6 10. Nbd2 {White is slightly better.} a4 11. b4 $146 ({Predecessor:} 11. Qb1 Qc7 12. b3 O-O 13. bxa4 Rxa4 14. Qb3 Ra6 15. a4 Be6 {1-0 (52) Kamsky,G (2723)-Al Modiahki,M (2556) Sochi 2008}) 11... cxb4 12. Nc4 (12. Qb1 $142) 12... c5 13. axb4 b5 14. Na3 (14. Ncxe5 $11 {keeps the balance.} f6 15. Nxg6 hxg6 16. Bxc5) 14... cxb4 $17 15. Nxb5 O-O 16. Qb1 Nc6 17. Bc5 $2 {[#]} (17. Na7 $17 {was necessary.} Rxa7 18. Bxa7 Nxa7 19. Qxb4) 17... Qa5 $1 $19 {[%cal Ra5b5]} 18. Bxf8 Bxf8 19. c4 {[#]} Ba6 $1 20. d4 $2 (20. Nc7 Qxc7 21. Rxa4) 20... Bxb5 21. cxb5 Qxb5 22. dxe5 ({Not} 22. d5 $2 Nd4 $19) 22... b3 {Black is clearly winning.} 23. e6 fxe6 24. e5 a3 25. Ng5 (25. h3 $142) 25... b2 26. Ra2 Nd4 27. h4 Ne2+ 28. Kh1 Rc8 {Played: Ne2-c3} 0-1

[Event "Bhopal GM Open 2019"]
[Site "Bhopal"]
[Date "2019.12.28"]
[Round "10.4"]
[White "Rios, Cristhian Camilo"]
[Black "Sahoo, Utkal Ranjan"]
[Result "1/2-1/2"]
[WhiteElo "2505"]
[BlackElo "2329"]
[Annotator "TA"]
[PlyCount "60"]
[EventDate "2019.12.21"]
[EventType "swiss"]
[EventCountry "IND"]
[SourceTitle "playchess.com"]
[Source "ChessBase"]
[SourceQuality "1"]

{[%evp 17,60,20,22,22,27,19,22,10,26,6,12,6,22,-4,-2,-5,-11,-18,0,0,0,0,8,8,12,0,0,-10,-4,0,0,0,0,-10,12,14,0,0,14,0,10,0,14,0,11]} 1. d4 d5 2. c4 e6 3. Nc3 Nf6 4. cxd5 exd5 5. Bg5 Be7 6. e3 c6 7. Qc2 Nbd7 8. Bd3 h6 9. Bh4 Nh5 10. Bxe7 {D36: Queen's Gambit Declined: Exchange Variation: Main line (5 Bg5 c6 6 Qc2)} Qxe7 11. O-O-O Nb6 12. h3 (12. Nf3 Nf6 13. Kb1 Be6 14. Ka1 O-O-O 15. Na4 Kb8 16. Rc1 Rhe8 17. Nc5 Bc8 {1-0 (50) Nepomniachtchi,I (2757)-Nisipeanu,L (2672) Dortmund 2018}) 12... Be6 $146 ({Predecessor:} 12... Nf6 13. Nf3 Be6 14. Kb1 O-O-O 15. Na4 Nxa4 16. Qxa4 {1-0 (34) Kruljac,P (2065)-Videkovic,M (1850) Mali Losinj 2017}) 13. Kb1 O-O-O {The position is equal.} 14. Nf3 Kb8 15. Na4 Nxa4 16. Qxa4 Nf6 17. Rc1 Nd7 18. Rc3 Nb6 19. Qa5 f6 20. Ra3 Nc8 21. Nd2 Rd7 22. Rc1 Rc7 23. Ka1 Rd8 24. Qa4 Bd7 25. Qc2 Be6 26. Rc3 Nb6 27. Ra3 Nc8 28. Rc3 Nb6 29. Ra3 Nc8 30. Rc3 Nb6 {Accuracy: White = 29%, Black = 81%.} 1/2-1/2

[Event "Bhopal GM Open 2019"]
[Site "Bhopal"]
[Date "2019.12.28"]
[Round "10.5"]
[White "Raahul V S"]
[Black "Taher, Yoseph Theolifus"]
[Result "0-1"]
[WhiteElo "2252"]
[BlackElo "2469"]
[Annotator "TA"]
[PlyCount "78"]
[EventDate "2019.12.21"]
[EventType "swiss"]
[EventCountry "IND"]
[SourceTitle "playchess.com"]
[Source "ChessBase"]
[SourceQuality "1"]

{[%evp 19,78,20,32,10,16,0,0,0,0,0,0,0,0,-13,0,0,0,-20,-10,-23,0,0,0,-24,-17,-20,-18,-14,-10,-17,-12,-31,-22,-24,-16,-31,-2,-33,0,0,0,-60,-5,-172,-189,-208,-208,-208,-208,-226,-218,-214,-207,-140,-126,-748,-745,-727,-727,-696,-702]} 1. c4 g6 2. Nc3 Bg7 3. d4 c5 4. Nf3 cxd4 5. Nxd4 Nc6 6. e3 Nf6 7. Be2 O-O 8. O-O d6 9. b3 Bd7 10. Bb2 Qa5 11. Bf3 {A35: Symmetrical English: 2 Nc3 Nc6 3 Nf3} (11. Rc1 Rfc8 12. Qd2 a6 13. Rfd1 Rab8 14. a3 Nxd4 15. exd4 Qd8 16. b4 Qf8 17. Qe1 Bh6 18. Ra1 Bf5 {½-½ (67) Riazantsev,A (2649)-Sivuk,V (2545) Cheliabinsk 2018}) 11... Rac8 12. Nd5 $146 ({Predecessor:} 12. Qd2 Qg5 13. g3 Bh3 14. Rfe1 h5 15. Nd5 Nxd5 16. Bxd5 e6 17. Bh1 Rfd8 18. Nxc6 bxc6 19. Bxg7 Kxg7 {½-½ (41) Maksimovic,B (2339)-Rancic,D (1802) Nis 2015}) 12... Nxd5 13. Bxd5 {The position is equal.} Nxd4 14. Bxd4 Bxd4 15. Qxd4 b5 16. a3 bxc4 17. Bxc4 Rc7 18. h4 Rfc8 19. Rfd1 Be6 {[%cal Re6c4]} 20. Bxe6 fxe6 21. Qe4 Qf5 22. Rd4 e5 (22... Qf7 {is interesting.} 23. Rb4 Kg7 24. Rf1 Qf6 25. g3 e5) 23. Qxf5 gxf5 $11 {[%mdl 4096] Endgame KRR-KRR} 24. Ra4 Kf7 25. Kh2 Ke6 26. Ra2 Rb7 27. Rb2 Rc3 28. b4 Kd5 29. Rd2+ Kc4 30. Ra6 ({White should play} 30. Ra5 $11) 30... Rd7 $1 $15 31. g3 $2 {[#]} (31. Ra5 $1 $11 {and White is okay.}) 31... d5 $1 $19 32. Re6 {[#]} d4 $1 33. Rxe5 d3 34. Rxf5 Rxa3 35. Rc5+ Kxb4 36. Rc8 Rc3 37. Rb2+ $2 {[%mdl 8192]} (37. Rb8+ $17 Ka3 38. Kg2) 37... Ka3 {Black is clearly winning.} 38. Rcb8 d2 39. R2b5 d1=Q {Accuracy: White = 27%, Black = 67%.} 0-1

[Event "Bhopal GM Open 2019"]
[Site "Bhopal"]
[Date "2019.12.28"]
[Round "10.6"]
[White "Mirzoev, Azer"]
[Black "Sharan, Rao"]
[Result "1/2-1/2"]
[WhiteElo "2457"]
[BlackElo "1912"]
[Annotator "ChessBase"]
[PlyCount "113"]
[EventDate "2019.12.21"]
[EventType "swiss"]
[EventCountry "IND"]
[SourceTitle "playchess.com"]
[Source "ChessBase"]
[SourceQuality "1"]
[TimeControl "5400+30"]

1. d4 {[%emt 0:00:00]} Nf6 {[%emt 0:00:00]} 2. Nf3 {[%emt 0:00:00]} e6 {[%emt 0:00:06]} 3. c4 {[%emt 0:00:00]} b6 {[%emt 0:00:31]} 4. Nc3 {[%emt 0:00:00]} Bb7 {[%emt 0:00:04]} 5. Qc2 {[%emt 0:00:00]} Bb4 {[%emt 0:02:27]} 6. a3 {[%emt 0:00:28]} Bxc3+ {[%emt 0:00:19]} 7. Qxc3 {[%emt 0:00:03]} Ne4 {[%emt 0:02:42]} 8. Qc2 {[%emt 0:00:06]} O-O {[%emt 0:01:23]} 9. g3 {[%emt 0:00:05]} d5 {[%emt 0:05:49]} 10. Bg2 {[%emt 0:00:23]} Nd7 {[%emt 0:01:45]} 11. O-O {[%emt 0:05:15]} c5 {[%emt 0:02:06]} 12. cxd5 {[%emt 0:00:17]} Bxd5 {[%emt 0:02:12]} 13. Ne5 {[%emt 0:05:40]} Nef6 {[%emt 0:05:33]} 14. e4 {[%emt 0:07:51]} Bb7 {[%emt 0:00:54]} 15. Rd1 {[%emt 0:02:21]} Qc8 {[%emt 0:07:33]} 16. Nxd7 {[%emt 0:06:14]} Nxd7 {[%emt 0:00:51]} 17. Be3 {[%emt 0:01:05]} cxd4 {[%emt 0:01:43]} 18. Qxc8 {[%emt 0:00:06]} Raxc8 {[%emt 0:00:09]} 19. Bxd4 {[%emt 0:00:09]} Rfd8 {[%emt 0:03:34]} 20. f3 {[%emt 0:01:19]} f6 {[%emt 0:02:29]} 21. Rac1 {[%emt 0:01:40]} Rxc1 {[%emt 0:04:05]} 22. Rxc1 {[%emt 0:00:17]} Rc8 {[%emt 0:00:40]} 23. Rd1 {[%emt 0:00:18]} Kf7 {[%emt 0:01:53]} 24. Bc3 {[%emt 0:00:38]} Ke7 {[%emt 0:02:43]} 25. h4 {[%emt 0:01:25]} Rd8 {[%emt 0:08:38]} 26. Rc1 {[%emt 0:00:45]} Nc5 {[%emt 0:06:00]} 27. Bb4 {[%emt 0:01:38]} Rc8 {[%emt 0:00:14]} 28. Bf1 {[%emt 0:02:43]} a5 {[%emt 0:01:33]} 29. Bd2 {[%emt 0:03:07]} Nb3 {[%emt 0:02:25]} 30. Rxc8 {[%emt 0:00:09]} Bxc8 {[%emt 0:00:03]} 31. Be3 {[%emt 0:00:04]} Nc5 {[%emt 0:00:49]} 32. Kf2 {[%emt 0:00:40]} Kd6 33. Ke1 {[%emt 0:00:14]} g6 {[%emt 0:07:59]} 34. Kd2 {[%emt 0:00:30]} f5 {[%emt 0:02:09]} 35. exf5 {[%emt 0:05:24]} exf5 {[%emt 0:00:54]} 36. Kc3 {[%emt 0:01:18]} Bb7 {[%emt 0:05:25]} 37. Be2 {[%emt 0:00:49]} Na4+ {[%emt 0:02:02]} 38. Kc2 {[%emt 0:01:04]} Nc5 {[%emt 0:00:06]} 39. Bf4+ {[%emt 0:05:26]} Kd5 {[%emt 0:01:14]} 40. Be3 {[%emt 0:01:32]} Kd6 {[%emt 0:00:24]} 41. b3 {[%emt 0:06:14]} Bd5 {[%emt 0:01:14]} 42. Kc3 {[%emt 0:00:58]} Kc6 {[%emt 0:04:35]} 43. b4 {[%emt 0:01:16]} Na4+ {[%emt 0:02:07]} 44. Kd4 {[%emt 0:00:11]} axb4 {[%emt 0:00:28]} 45. axb4 {[%emt 0:00:06]} b5 {[%emt 0:00:49]} 46. Bc1 {[%emt 0:14:06]} Nb6 {[%emt 0:00:29]} 47. Ke5 {[%emt 0:00:07]} Bc4 {[%emt 0:02:11]} 48. Bd1 {[%emt 0:00:19]} Nd5 {[%emt 0:03:09]} 49. Bd2 {[%emt 0:00:04]} Kd7 {[%emt 0:00:43]} 50. g4 {[%emt 0:00:17]} fxg4 51. fxg4 {[%emt 0:00:04]} Ke7 {[%emt 0:02:15]} 52. Bf3 {[%emt 0:00:11]} Nc7 {[%emt 0:00:52]} 53. Bg5+ {[%emt 0:00:52]} Kf7 {[%emt 0:00:03]} 54. Kd6 {[%emt 0:01:59]} Ne8+ {[%emt 0:01:13]} 55. Kc5 {[%emt 0:01:08]} Nf6 {[%emt 0:01:03]} 56. Bf4 {[%emt 0:01:18]} Ke6 {[%emt 0:00:30]} 57. Kd4 {[%emt 0:00:30]} 1/2-1/2

[Event "Bhopal GM Open 2019"]
[Site "Bhopal"]
[Date "2019.12.28"]
[Round "10.7"]
[White "Bogdanovich, Stanislav"]
[Black "Franco Valencia, Angela"]
[Result "1-0"]
[WhiteElo "2562"]
[BlackElo "2167"]
[Annotator "TA"]
[PlyCount "70"]
[EventDate "2019.12.21"]
[EventType "swiss"]
[EventCountry "IND"]
[SourceTitle "playchess.com"]
[Source "ChessBase"]
[SourceQuality "1"]

{[%evp 12,70,4,4,22,10,8,20,8,16,37,29,29,25,31,35,40,27,58,45,23,27,33,36,60,52,106,102,248,230,251,259,245,252,256,259,216,225,278,273,250,235,316,322,333,323,330,304,714,707,1115,1089,1091,1096,1089,1060,29992,29993,29994,29995,29995]} 1. e4 e5 2. Nf3 Nc6 3. Bb5 a6 4. Ba4 d6 5. O-O Bg4 6. c3 Qf6 7. d3 Bxf3 {C72: Ruy Lopez: Deferred Steinitz: 5 0-0} (7... Nge7 8. Be3 Bxf3 9. Qxf3 Qxf3 10. gxf3 O-O-O 11. f4 g6 12. fxe5 dxe5 13. Bc2 h5 14. Nd2 g5 15. b4 Bh6 {1-0 (40) Howell,D (2676)-Hawkins,J (2579) London 2017}) 8. Qxf3 Qxf3 9. gxf3 Nge7 {The position is equal.} 10. f4 exf4 11. Bxf4 g5 12. Be3 (12. Bxg5 $2 Rg8 $17) 12... f5 13. f3 (13. Bxg5 Rg8 $17) 13... O-O-O 14. d4 (14. Bxg5 $2 Rg8 $19) 14... d5 15. Nd2 {[%cal Bb1d2,Bd2f3,Bf3e5][%mdl 32]} dxe4 16. fxe4 f4 $146 17. Bf2 Ne5 18. Bb3 Nd3 ({Black should try} 18... h5 $14) 19. Nf3 $36 {[%mdl 2048] Keeping Black busy.} Bh6 (19... h6 $16) 20. Rad1 $18 Nxf2 21. Kxf2 ({Don't play} 21. Rxf2 $6 Nc6 $16) 21... Rd6 22. Rg1 Rg6 23. Ne5 Rb6 24. Nf7 Re8 25. Nxg5 a5 26. Nf7 a4 27. Bxa4 Rxb2+ 28. Kf3 b5 29. Rb1 ({Not} 29. Nxh6 bxa4 30. Rg2 (30. Kxf4 Rf8+ 31. Ke5 Ng6+ 32. Kd5 Nf4+ 33. Kc5 Ne2 $11) 30... Rb6 $16) 29... Rxh2 $2 (29... Rxb1 30. Rxb1 bxa4) 30. Bxb5 Rg8 31. Bc4 {[%cal Rc4e6] [#]} Rh3+ 32. Kf2 {[%cal Rc4e6]} Rh2+ 33. Kf1 {[%cal Rc4e6]} c6 34. Nd6+ Kc7 35. Rb7+ Kd8 {Accuracy: White = 96%, Black = 32%.} 1-0